000 00614nam a2200229Ia 4500
003 OSt
005 20221007073408.0
006 a|||||r|||| 00| 0
007 ta
008 221006b |||||||| |||| 00| 0 eng d
024 _a24,188
037 _cTextual
040 _aFLL
_cFLL
_beng
041 _2eng
_aeng
082 _aZ2qvM97, J2;1
100 _aMahajan Vidya Dhar
245 0 _aGeneral clauses act, 1897
260 _aLucknow
_bEastern Book Company India
_c1952
300 _axv,1-263p
_ccm.
942 _hZ2qvM97, J2;1
_cTEXL
_2CC
999 _c1148590
_d1148590